000 00497nmm a2200169Ia 4500
008 251105s9999||||xx |||||||||||||||||und||
020 _a9788497423618
041 _aspa
100 _aGrillo Torres, María Paz
245 0 _aCompendio de teoría teatral
264 _a[Madrid, España] :
_bBiblioteca Nueva,
_c2004
300 _a208 páginas
490 _aManuales y obras de referencia
650 _aTheater / Drama
856 _uhttps://public.digitaliapublishing.com/a/45841
942 _cCF
999 _c90284
_d90284